000 00948nam a2200277Ia 4500
003 OSt
005 20220918170223.0
006 a|||||r|||| 00| 0
007 ta
008 220917b |||||||| |||| 00| 0 eng d
020 _a978 90 272 0409 7 (hbk)
_c7377.47
024 _a286,856
037 _b1046, 15/12/2015, Bright Book Service
_cTextual
040 _aARTS
_cARTS
_beng
041 _2eng
_aeng
082 _aP:(Y), Q5
100 _aBusser Rik De Ed.
_927760
245 0 _aLanguage structure and environment
_b Social, cultural, and natural factors
260 _aAmsterdam
_bJohn Benjamins The Netherlands
_c2015
300 _avi, 370p.
_ccm.
490 _aCognitive linguistic studies in cultural contexts
650 _aLINGUISTICS
700 _a LaPolla Randy J. Ed.
_927761
942 _hP:(Y), Q5
_cTEXL
_2CC
999 _c133167
_d133167